| 000 | 01043nam0a22002411i 4500 | ||
|---|---|---|---|
| 001 | rc\3737945 | ||
| 005 | 20240726065246.0 | ||
| 021 |
_aRU _b[72-3057а] |
||
| 035 | _a(NLR Aleph) 007782797 | ||
| 090 |
_a7587695 _c7587695 |
||
| 100 | _a20130115d1972 |||y0rusy50 ca | ||
| 101 | 0 | _arus | |
| 102 | _aRU | ||
| 105 | _ay d ||||| | ||
| 200 | 1 |
_aРоль социальных обследований в деятельности Коммунистической партии по руководству деревней _e(На материалах Сибири 1921-1927 гг.) _eАвтореф. дис. на соискание учен. степени канд. ист. наук _e(570) _fТом. гос. ун-т им. В.В. Куйбышева |
|
| 210 |
_aТомск _d1972 |
||
| 215 | _a20 с. | ||
| 320 | _aСписок работ авт. в конце текста (5 назв.) | ||
| 700 | 1 |
_aСоскина _bА.Н. _gАнна Ноевна |
|
| 801 | 0 |
_aRU _bNLR _gpsbo |
|
| 801 | 1 |
_aRU _bELAR _2rusmarc |
|
| 852 |
_aNLR _j72-4/26007 |
||
| 942 | _cBOOK | ||